00700nam a2200169Ia 4500008004100000020001800041082002100059245012000080250000600200260003000206300001000236500001300246650012400259700003200383952009800415999001700513120629s9999 xx 000 0 und d a968-426-978-1 aC808.06615 M294m aManual de estilo de publicaciones de la American Psychological Association / El Manual Moderno; Maricela Chavez M. a2 aMéxico : Manual Moderno a433 p aÍndice a1. PSICOLOGÍA-PUBLICACIONES PERIODICAS-REDACCIÓN-MANUALES \ 2. CIENCIAS SOCIALES-PUBLICACIONES-REDACCIÓN-MANUALES aChavez M.,Maricela ; tr.Ì 00104070a15b15d2007-03-09l0oC808.06615 M294Mp15 001603r2017-12-07t1w2012-06-28yLB c75585d75585